Mauritania (Record no. 187440)
[ view plain ]
| 000 -LEADER | |
|---|---|
| campo de control de longitud fija | 00868nam a2200205 i 4500 |
| 001 - NÚMERO DE CONTROL | |
| campo de control | 187440 |
| 003 - IDENTIFICADOR DE NÚMERO DE CONTROL | |
| campo de control | SpMaBN |
| 005 - FECHA Y HORA DE LA ÚLTIMA TRANSACCIÓN | |
| campo de control | 20230906222926.0 |
| 008 - DATOS DE LONGITUD FIJA--INFORMACIÓN GENERAL | |
| campo de control de longitud fija | 170704s1981 sp a |||| | spa d |
| 080 ## - NÚMERO DE LA CLASIFICACIÓN DECIMAL UNIVERSAL | |
| Número de la Clasificación Decimal Universal | 908(661.2)(060.64) |
| 245 00 - MENCIÓN DEL TÍTULO | |
| Título | Mauritania |
| Resto del título | : ciudades y manuscritos : exposición : Madrid, mayo-junio de 1981 / |
| Mención de responsabilidad, etc. | [organizan, el Instituto Hispano-Árabe de Cultura y el Instituto Mauritano de Investigación Científica, en el Museo Arqueológico Nacional]. |
| 260 ## - PUBLICACIÓN, DISTRIBUCIÓN, ETC. | |
| Lugar de publicación, distribución, etc. | Madrid : |
| Nombre del editor, distribuidor, etc. | Instituto Hispano-Árabe de Cultura, |
| Fecha de publicación, distribución, etc. | [1981] |
| 300 ## - DESCRIPCIÓN FÍSICA | |
| Extensión | 60 p. : |
| Otras características físicas | il. col. y n. ; |
| Dimensiones | 24 x 23 cm. |
| 651 #7 - PUNTO DE ACCESO ADICIONAL DE MATERIA--NOMBRE GEOGRÁFICO | |
| Nombre geográfico | Mauritania- |
| Subdivisión general | Descripción- |
| Subdivisión de forma | Exposiciones. |
| 9 (RLIN) | 163353 |
| 655 #7 - TERMINO DE INDIZACIÓN--GENERO/FORMA | |
| Fuente del término | tgfbne |
| 9 (RLIN) | 193628 |
| Datos o término principal de género/forma | Catálogos de exposiciones |
| 710 2# - ENTRADA AGREGADA--NOMBRE DE ENTIDAD CORPORATIVA | |
| Nombre de entidad corporativa o nombre de jurisdicción como elemento de entrada | Instituto Hispano-Árabe de Cultura. |
| 9 (RLIN) | 162165 |
| 852 ## - LOCALIZACIÓN | |
| Ubicación | ES-MaACL |
| Número de control de estantería | L-31772 |
| 942 ## - ELEMENTOS DE ENTRADA SECUNDARIOS (KOHA) | |
| Fuente del sistema de clasificación o colocación | Clasificación decimal universal |
| Estatus retirado | Estado de pérdida | Estado de daño | No para préstamo | Biblioteca de origen | Biblioteca actual | Ubicación en estantería | Fecha de adquisición | Fuente de adquisición | Total de préstamos | Signatura topográfica completa | Código de barras | Visto por última vez | Precio de reemplazo | Tipo de ítem Koha |
|---|---|---|---|---|---|---|---|---|---|---|---|---|---|---|
| Biblioteca del Ateneo de Madrid | Biblioteca del Ateneo de Madrid | Depósito 2 | 04/07/2017 | L-31772 | 1197866 | 23/02/2023 | 23/02/2023 | Libro impreso |
